000 00395nam a22001457a 4500
005 20200618140121.0
008 200618b xxu||||| |||| 00| 0 eng d
082 _a345.4 AIR
110 _aALL IINDIA REPORTER
_96174
245 _aALL IINDIA REPORTER [1995] [VOL-82] BOMBAY SECTION
260 _aMUMBAI
_bALL IINDIA REPORTER, PVT. LTD.
300 _a384;p
650 _aLAW
_95701
942 _cJRL
999 _c7225
_d7223